| 000 -LEADER |
| fixed length control field |
00677cam a22002057a 4500 |
| 020 ## - INTERNATIONAL STANDARD BOOK NUMBER |
| ISBN |
4894444542 (pbk.) |
| 020 ## - INTERNATIONAL STANDARD BOOK NUMBER |
| ISBN |
9784894444546 (pbk.) |
| 040 ## - CATALOGING SOURCE |
| Transcribing agency |
UKM |
| 082 04 - DEWEY DECIMAL CLASSIFICATION NUMBER |
| Classification number |
745 TOY 2005 A088 Or. |
| 245 00 - TITLE STATEMENT |
| Title |
1 & 2 color design collection 1 : |
| Remainder of title |
effective design using only 1 or 2 colors / |
| 246 3# - VARYING FORM OF TITLE |
| Title proper/short title |
One and two color design collection 1 |
| 246 1# - VARYING FORM OF TITLE |
| Title proper/short title |
1 & 2-shoku dezain korekushon |
| 260 ## - PUBLICATION, DISTRIBUTION, ETC. (IMPRINT) |
| Place of publication |
Tokyo : |
| Name of publisher |
PIE Books, |
| Year of publication |
c2005. |
| 300 ## - PHYSICAL DESCRIPTION |
| Number of Pages |
216 p. : |
| Other physical details |
ill. (some col.) ; |
| Dimensions |
30 cm. |
| 500 ## - GENERAL NOTE |
| General note |
Previously published in hardcover ed. as: 1 & 2 color graphics. |
| 650 #0 - SUBJECT ADDED ENTRY--TOPICAL TERM |
| Topical Term |
Commercial art |
| 650 #0 - SUBJECT ADDED ENTRY--TOPICAL TERM |
| Topical Term |
Color in advertising. |
| 700 1# - ADDED ENTRY--PERSONAL NAME |
| Personal name |
Nakazawa, Tomoe. |
| 942 ## - ADDED ENTRY ELEMENTS (KOHA) |
| Koha item type |
សៀវភៅភាសាអង់គ្លេស |
| 952 ## - LOCATION AND ITEM INFORMATION (KOHA) |
| Withdrawn status [LOCAL, KOHA] |
0 |